[Event "Duisburg Grossenbaum op"]
[Site "Duisburg"]
[Date "2004.05.31"]
[Round "7"]
[White "Gorman, Stephen"]
[Black "Palenta, Damian"]
[Result "0-1"]
[WhiteElo "1804"]
[BlackElo "1591"]
[PlyCount "64"]
[EventDate "2004.05.28"]
[EventType "swiss"]
[EventRounds "7"]
[EventCountry "GER"]
[SourceTitle "EXT 2006"]
[Source "ChessBase"]
[SourceDate "2005.11.24"]
[SourceVersion "1"]
[SourceVersionDate "2005.11.24"]
[SourceQuality "1"]

1. Nf3 Nc6 2. c4 e5 3. Nc3 Nf6 4. d3 Bc5 5. g3 0-0 6. Bg2 d5 7. cxd5 Nxd5 8. 0-0 Nf6 9. Bg5 h6 10. Bxf6 Qxf6 11. Ne4 Qe7 12. Nxc5 Qxc5 13. Rc1 Qb6 14. Qd2 Be6 15. b3 Rad8 16. Qb2 f6 17. Nd2 Nd4 18. Ne4 Bf7 19. Nc5 c6 20. Bh3 Rfe8 21. Bg2 f5 22. e3 Nb5 23. a4 Nc7 24. b4 a5 25. Rb1 Nd5 26. Bxd5 Rxd5 27. e4 fxe4 28. dxe4 Rd4 29. Rfc1 axb4 30. Qe2 Red8 31. Qe3 Qc7 32. Nb3 Rd3 0-1

[Event "Duisburg Grossenbaum op"]
[Site "Duisburg"]
[Date "2004.05.29"]
[Round "2"]
[White "Palenta, Damian"]
[Black "Coenen, Michael"]
[Result "0-1"]
[WhiteElo "1591"]
[BlackElo "1866"]
[PlyCount "54"]
[EventDate "2004.05.28"]
[EventType "swiss"]
[EventRounds "7"]
[EventCountry "GER"]
[SourceTitle "EXT 2006"]
[Source "ChessBase"]
[SourceDate "2005.11.24"]
[SourceVersion "1"]
[SourceVersionDate "2005.11.24"]
[SourceQuality "1"]

1. e4 c6 2. Nf3 d5 3. exd5 cxd5 4. d4 Nf6 5. Bf4 Nc6 6. c3 Bf5 7. Bd3 Bxd3 8. Qxd3 e6 9. 0-0 Bd6 10. Bxd6 Qxd6 11. Qb5 Qc7 12. Nbd2 0-0 13. Rfe1 a6 14. Qb3 Nd7 15. Re2 Rac8 16. Ne1 b5 17. Nd3 Qb6 18. Nf3 Na5 19. Qc2 Nc4 20. Nde5 Ndxe5 21. Nxe5 Nxe5 22. Rxe5 Qxd4 23. Qxh7+ Kxh7 24. cxd4 Rc2 25. b3 Rfc8 26. Kf1 Rd2 27. f4 Rcc2 0-1

[Event "Ruhrgebiet-ch U16"]
[Site "Muelheim"]
[Date "2003.04.15"]
[Round "6"]
[White "Aulich, Marcell"]
[Black "Palenta, Damian"]
[Result "1/2-1/2"]
[WhiteElo "1588"]
[BlackElo "1486"]
[PlyCount "83"]
[EventDate "2003.04.??"]
[EventType "swiss"]
[EventRounds "7"]
[EventCountry "GER"]
[SourceTitle "EXT 2005"]
[Source "ChessBase"]
[SourceDate "2004.11.15"]
[SourceVersion "1"]
[SourceVersionDate "2004.11.15"]
[SourceQuality "1"]

1. e4 e5 2. Nf3 Nf6 3. Nxe5 d6 4. Nf3 Nxe4 5. d4 d5 6. Bd3 Qe7 7. 0-0 Qd6 8. Re1 f5 9. Ne5 Be7 10. Nd2 0-0 11. c4 c6 12. c5 Qd8 13. Qb3 Qa5 14. Bxe4 fxe4 15. Qc3 Qc7 16. Nxe4 Nd7 17. Ng5 Nxe5 18. Rxe5 Bf6 19. Re1 h6 20. Nf3 Bd7 21. Bd2 Rae8 22. Ne5 b6 23. Ng6 Rxe1+ 24. Rxe1 Re8 25. Bf4 Rxe1+ 26. Qxe1 Qd8 27. Be5 Qe8 28. Nf4 bxc5 29. Nd3 cxd4 30. Bxf6 Qxe1+ 31. Nxe1 gxf6 32. Nd3 Kf7 33. Kf1 Ke6 34. Ke2 Kd6 35. b4 Bf5 36. Nc5 Bb1 37. a3 Be4 38. f3 Bf5 39. g4 Bc8 40. h3 f5 41. Nd3 fxg4 42. hxg4 1/2-1/2

[Event "NRW-Ferienturnier U16"]
[Site "Wewelsburg"]
[Date "2001.08.18"]
[Round "7"]
[White "Palenta, Damian"]
[Black "Boemelburg, Raphael"]
[Result "1-0"]
[WhiteElo "1581"]
[BlackElo "1345"]
[PlyCount "159"]
[EventDate "2001.08.??"]
[EventType "swiss"]
[EventRounds "7"]
[EventCountry "GER"]
[SourceTitle "EXT 2003"]
[Source "ChessBase"]
[SourceDate "2002.11.25"]
[SourceVersion "1"]
[SourceVersionDate "2002.11.25"]
[SourceQuality "1"]

1. d4 d5 2. c4 Nc6 3. Nf3 Nf6 4. Nc3 Bg4 5. e3 e6 6. cxd5 Nxd5 7. Bd2 Bb4 8. Be2 0-0 9. Nxd5 Qxd5 10. Bxb4 Nxb4 11. a3 Nc6 12. 0-0 Rad8 13. h3 Bh5 14. Nh2 Bg6 15. Bd3 Be4 16. Bxe4 Qxe4 17. Qf3 Qc2 18. Rab1 h6 19. Qd1 Qe4 20. Qf3 Qg6 21. Qf4 Rd7 22. Ng4 f6 23. Qf3 h5 24. Nh2 e5 25. dxe5 fxe5 26. Qe2 e4 27. Rfd1 Rd6 28. Nf1 Rff6 29. Ng3 h4 30. Nh5 Rf5 31. Nf4 Qg5 32. Rxd6 cxd6 33. Rd1 Qh6 34. Qg4 Ne7 35. Rd4 Rg5 36. Qd7 Re5 37. Rxd6 Qg5 38. Re6 Rxe6 39. Qxe6+ Kf8 40. Qxe4 Qb5 41. b4 Qa4 42. Qxb7 Qxa3 43. b5 Qa1+ 44. Kh2 Qe1 45. Qf3 Kg8 46. Nd5 Nxd5 47. Qxd5+ Kh7 48. Qh5+ Kg8 49. Qxh4 Qa5 50. Qc4+ Kh7 51. e4 Qb6 52. Qe2 Qd6+ 53. Kh1 Qe5 54. Qe3 Qxb5 55. Qxa7 Qb1+ 56. Kh2 Qxe4 57. Qe3 Qd5 58. f3 Qd6+ 59. Kh1 Qd1+ 60. Qg1 Qd6 61. Qf2 Qd1+ 62. Kh2 Qd6+ 63. Qg3 Qd1 64. Qf4 Qe1 65. Qe4+ Qxe4 66. fxe4 Kg6 67. Kg3 Kg5 68. Kf3 Kh4 69. g3+ Kg5 70. h4+ Kf6 71. Kf4 Ke6 72. g4 Kf6 73. h5 g6 74. g5+ Kf7 75. hxg6+ Kxg6 76. e5 Kg7 77. Kf5 Kf7 78. g6+ Kg7 79. Ke6 Kxg6 80. Ke7 1-0

[Event "NRW-Ferienturnier U16"]
[Site "Wewelsburg"]
[Date "2001.08.16"]
[Round "5"]
[White "Palenta, Damian"]
[Black "Christ, Esther"]
[Result "1-0"]
[WhiteElo "1581"]
[BlackElo "1217"]
[PlyCount "59"]
[EventDate "2001.08.??"]
[EventType "swiss"]
[EventRounds "7"]
[EventCountry "GER"]
[SourceTitle "EXT 2003"]
[Source "ChessBase"]
[SourceDate "2002.11.25"]
[SourceVersion "1"]
[SourceVersionDate "2002.11.25"]
[SourceQuality "1"]

1. d4 d5 2. c4 c6 3. c5 Bf5 4. Bd2 e6 5. Nf3 Be7 6. Nc3 Nf6 7. Bf4 0-0 8. e3 Nbd7 9. Bd3 Bxd3 10. Qxd3 b6 11. b4 Nh5 12. Be5 Nxe5 13. Nxe5 Qc7 14. 0-0 Bf6 15. f4 Bxe5 16. fxe5 g6 17. e4 Qe7 18. exd5 cxd5 19. Nb5 Qg5 20. Rf3 Nf4 21. Qf1 h5 22. Rxf4 h4 23. h3 Kg7 24. Nd6 f6 25. Rxf6 Rxf6 26. Qxf6+ Qxf6 27. exf6+ Kxf6 28. Rf1+ Kg7 29. c6 Rd8 30. c7 1-0